[Event "Norrkoeping Easter op"]
[Site "Norrkoeping"]
[Date "2024.03.30"]
[Round "5"]
[White "Mardell, Jonas"]
[Black "Lindberg, Bengt"]
[Result "0-1"]
[WhiteElo "2027"]
[BlackElo "2344"]
[PlyCount "56"]
[EventDate "2024.03.29"]
[EventType "swiss"]
[EventRounds "8"]
[EventCountry "SWE"]
[SourceTitle "CB14_2024"]
[SourceDate "2024.04.01"]
[SourceVersion "1"]
[SourceVersionDate "2024.04.01"]
[SourceQuality "1"]

1. e4 Nc6 2. Nf3 d6 3. d4 g6 4. Be3 Bg7 5. Nc3 Bg4 6. Be2 Nf6 7. Qd2 0-0 8. h3 Bxf3 9. Bxf3 e5 10. d5 Nd4 11. Ne2 Re8 12. Ng3 c6 13. c3 Nxf3+ 14. gxf3 cxd5 15. exd5 e4 16. f4 Qa5 17. c4 Qa6 18. Rc1 Qxa2 19. Bd4 b5 20. 0-0 Rac8 21. Rc3 b4 22. Rcc1 Rxc4 23. Ra1 Qb3 24. Rxa7 Qd3 25. Qxd3 exd3 26. Bxf6 Bxf6 27. Rd1 Rxf4 28. Rxd3 Bd4 0-1

[Event "Vaxjo op"]
[Site "Vaxjo"]
[Date "2024.02.10"]
[Round "6"]
[White "Lindberg, Bengt"]
[Black "Pantzar, Milton"]
[Result "1/2-1/2"]
[WhiteElo "2331"]
[BlackElo "2468"]
[PlyCount "86"]
[EventDate "2024.02.09"]
[EventType "swiss"]
[EventRounds "8"]
[EventCountry "SWE"]
[SourceTitle "CB07_2024"]
[SourceDate "2024.02.14"]
[SourceVersion "1"]
[SourceVersionDate "2024.02.14"]
[SourceQuality "1"]

1. e4 c6 2. d4 d5 3. Nc3 dxe4 4. Nxe4 Nf6 5. Nxf6+ exf6 6. Bc4 Na6 7. c3 Nc7 8. Ne2 Bd6 9. Bf4 0-0 10. 0-0 Be6 11. Bb3 Re8 12. Bg3 f5 13. Qd2 Bxb3 14. Bxd6 Qxd6 15. axb3 g6 16. Nf4 c5 17. d5 Nb5 18. g3 Qb6 19. Rfe1 Nd6 20. Qc2 Re4 21. Rxe4 fxe4 22. Re1 Qd8 23. c4 b5 24. Qc3 Rb8 25. h4 h5 26. Ra1 Qb6 27. cxb5 Nxb5 28. Qe5 Nd6 29. Re1 Re8 30. Qf6 Qd8 31. Qc3 Qb6 32. Qf6 Nf5 33. Nxh5 Rb8 34. Qe5 Qd6 35. Nf6+ Kh8 36. Qc3 Nd4 37. Nxe4 Qxd5 38. Qe3 Kg7 39. Qf4 Re8 40. Qf6+ Kg8 41. Qf4 Kg7 42. Qf6+ Kg8 43. Qf4 Kg7 1/2-1/2

[Event "Rilton Cup 51st"]
[Site "Stockholm"]
[Date "2023.12.27"]
[Round "1"]
[White "Lindberg, Bengt"]
[Black "Dingertz, Erik"]
[Result "1-0"]
[WhiteElo "2344"]
[BlackElo "2155"]
[PlyCount "55"]
[EventDate "2023.12.27"]
[EventType "swiss"]
[EventRounds "9"]
[EventCountry "SWE"]
[SourceTitle "CB02_2024"]
[SourceDate "2024.01.10"]
[SourceVersion "1"]
[SourceVersionDate "2024.01.10"]
[SourceQuality "1"]

1. e4 e5 2. Nf3 Nc6 3. Bb5 a6 4. Ba4 Nf6 5. d3 Bc5 6. c3 b5 7. Bb3 d6 8. 0-0 Bg4 9. Nbd2 Qb8 10. Re1 Qb6 11. Qe2 0-0 12. Nf1 Nd8 13. h3 Bh5 14. Ng3 Bg6 15. Nh4 a5 16. a3 Rb8 17. Bg5 Nd7 18. Nhf5 a4 19. Ba2 Bxf5 20. Nxf5 Ne6 21. Bd2 Rbe8 22. Rf1 Nf6 23. Qf3 c6 24. Nxg7 Kxg7 25. Bh6+ Kg6 26. Qf5+ Kxh6 27. Qxf6+ Kh5 28. g4# 1-0

[Event "Malmo op"]
[Site "Malmo"]
[Date "2023.12.16"]
[Round "6"]
[White "Lindberg, Bengt"]
[Black "Meskenas, Paulius"]
[Result "1/2-1/2"]
[WhiteElo "2344"]
[BlackElo "2131"]
[PlyCount "144"]
[EventDate "2023.12.15"]
[EventType "swiss"]
[EventRounds "8"]
[EventCountry "SWE"]
[SourceTitle "CB51_2023"]
[SourceDate "2023.12.20"]
[SourceVersion "1"]
[SourceVersionDate "2023.12.20"]
[SourceQuality "1"]

1. e4 e5 2. Nf3 Nc6 3. Bb5 a6 4. Ba4 Nf6 5. d3 Bc5 6. c3 b5 7. Bb3 d6 8. 0-0 0-0 9. Bg5 h6 10. Bh4 Bb6 11. a4 Rb8 12. axb5 axb5 13. Na3 Na5 14. Ba2 c6 15. b4 Nb7 16. Nc2 Qe7 17. Ne3 Bd8 18. Re1 Qc7 19. h3 g6 20. Bg3 Kg7 21. Bh2 Nh5 22. Nf1 Be6 23. d4 Bxa2 24. Rxa2 Bf6 25. Ne3 Nf4 26. Ng4 Nd8 27. Nxf6 Kxf6 28. dxe5+ dxe5 29. Bxf4 exf4 30. Qd4+ Ke7 31. Ra7 Rb7 32. Rxb7 Nxb7 33. Qg7 Nd8 34. Nd4 c5 35. bxc5 Qxc5 36. e5 Re8 37. Qf6+ Kd7 38. Qxf4 Qxc3 39. Rd1 Ke7 40. Qf6+ Kf8 41. Qh8+ Ke7 42. Qxh6 b4 43. Qh4+ Kf8 44. Qh8+ Ke7 45. Qf6+ Kf8 46. Nf3 Ne6 47. Rd7 Qc1+ 48. Kh2 Qf4+ 49. Qxf4 Nxf4 50. Rd4 g5 51. Rxb4 Nd3 52. Rb5 g4 53. hxg4 Nxf2 54. Kg3 Nd3 55. g5 Rc8 56. Rd5 Nc5 57. Rd4 Ne6 58. Re4 Rc2 59. Rb4 Re2 60. Kh3 Rf2 61. Kg3 Re2 62. Ra4 Kg7 63. Ra6 Kf8 64. g6 Nc5 65. Ra8+ Kg7 66. gxf7 Kxf7 67. Ra5 Nd3 68. Rd5 Re3 69. Ra5 Re2 70. Ra7+ Kf8 71. Ra5 Ke7 72. Rd5 Rxg2+ 1/2-1/2

[Event "Malmo op"]
[Site "Malmo"]
[Date "2023.12.16"]
[Round "5"]
[White "Olofsson Dolk, Mattis"]
[Black "Lindberg, Bengt"]
[Result "1/2-1/2"]
[WhiteElo "2211"]
[BlackElo "2344"]
[PlyCount "81"]
[EventDate "2023.12.15"]
[EventType "swiss"]
[EventRounds "8"]
[EventCountry "SWE"]
[SourceTitle "CB51_2023"]
[SourceDate "2023.12.20"]
[SourceVersion "1"]
[SourceVersionDate "2023.12.20"]
[SourceQuality "1"]

1. e4 e5 2. Nf3 Nc6 3. Bb5 a6 4. Ba4 Nf6 5. 0-0 Be7 6. Bxc6 dxc6 7. d3 Nd7 8. Nbd2 0-0 9. b3 f6 10. Bb2 Nc5 11. d4 exd4 12. Nxd4 Bd6 13. Qe2 Ne6 14. Nxe6 Bxe6 15. f4 Qe7 16. Kh1 Rae8 17. Rae1 b5 18. h3 Bc8 19. Rf3 Ba3 20. Ba1 Bb4 21. c3 Bd6 22. c4 Bb4 23. Bc3 Rd8 24. Bxb4 Qxb4 25. Rd3 Qa5 26. Rxd8 Rxd8 27. Nf3 Qc3 28. Rd1 Re8 29. Nd4 Qg3 30. Nxc6 Bxh3 31. gxh3 Qxh3+ 32. Kg1 Qg3+ 33. Qg2 Qxf4 34. Rd7 Qe3+ 35. Kh2 g6 36. Ne7+ Kf8 37. Nd5 Qh6+ 38. Qh3 Qd2+ 39. Qg2 Qh6+ 40. Qh3 Qd2+ 41. Qg2 1/2-1/2

[Event "Stockholm Elite Hotels GP"]
[Site "Stockholm"]
[Date "2023.11.05"]
[Round "8"]
[White "Lindberg, Bengt"]
[Black "Akesson, Ralf"]
[Result "1/2-1/2"]
[WhiteElo "2349"]
[BlackElo "2386"]
[PlyCount "94"]
[EventDate "2023.11.03"]
[EventType "swiss"]
[EventRounds "8"]
[EventCountry "SWE"]
[SourceTitle "Mega2024 Update 01"]
[Source "Chessbase"]
[SourceDate "2023.11.12"]
[SourceVersion "1"]
[SourceVersionDate "2023.11.12"]
[SourceQuality "1"]

1. e4 e6 2. d4 d5 3. Nc3 dxe4 4. Nxe4 Bd7 5. Nf3 Bc6 6. Bd3 Nd7 7. 0-0 Ngf6 8. Ng3 Bxf3 9. Qxf3 c6 10. Re1 g6 11. c4 Bg7 12. b3 0-0 13. Bb2 Re8 14. Rad1 Qc7 15. Ne4 Nxe4 16. Bxe4 Rad8 17. g3 f5 18. Bb1 c5 19. Qe2 cxd4 20. Bxd4 Bxd4 21. Rxd4 e5 22. Rd5 e4 23. Red1 Ne5 24. Bc2 a5 25. a3 Kg7 26. Qe3 Rxd5 27. Rxd5 Rd8 28. Qd4 Rxd5 29. cxd5 Qd6 30. Bd1 b6 31. Kg2 Kf7 32. Be2 Nd7 33. Qh8 Nf6 34. Qc8 Kg7 35. Bc4 f4 36. gxf4 Qxf4 37. Qh3 g5 38. Qc3 Kg6 39. h3 h5 40. Be2 Qd6 41. Qc6 Qc5 42. Bxh5+ Kxh5 43. Qxf6 Qxd5 44. Qh8+ Kg6 45. Qe8+ Kf6 46. Qh8+ Kg6 47. Qe8+ Kf6 1/2-1/2

[Event "Deltalift op"]
[Site "Tylosand"]
[Date "2023.05.19"]
[Round "6"]
[White "Lindberg, Bengt"]
[Black "Olsson, William"]
[Result "0-1"]
[WhiteElo "2353"]
[BlackElo "2355"]
[PlyCount "134"]
[EventDate "2023.05.18"]
[EventType "swiss"]
[EventRounds "8"]
[EventCountry "SWE"]
[SourceTitle "CBM 214 Extra"]
[Source "ChessBase"]
[SourceDate "2023.07.31"]
[SourceVersion "1"]
[SourceVersionDate "2023.07.31"]
[SourceQuality "1"]

1. e4 c5 2. Nf3 d6 3. d4 cxd4 4. Nxd4 Nf6 5. Nc3 g6 6. Be3 Bg7 7. f3 0-0 8. Qd2 Nc6 9. 0-0-0 d5 10. Qe1 e5 11. Nxc6 bxc6 12. exd5 Nxd5 13. Bc4 Be6 14. Kb1 Re8 15. Ne4 f5 16. Ng5 Bc8 17. h4 h6 18. Ne4 Be6 19. Nc5 Bf7 20. g4 e4 21. gxf5 exf3 22. fxg6 Bxg6 23. Qg1 Kh7 24. Bd4 Bxd4 25. Rxd4 Qf6 26. Qf2 Ne3 27. Rd7+ Kh8 28. Bd3 Ng4 29. Qd2 f2 30. Rf1 Bxd3 31. Nxd3 Rad8 32. Rxd8 Rxd8 33. a3 Rf8 34. Qb4 Qf3 35. Qd6 Rf7 36. Ne5 Nxe5 37. Qxe5+ Kh7 38. h5 Rd7 39. Ka2 Qf7+ 40. b3 Qf3 41. Qc5 Rf7 42. Qe5 a6 43. a4 a5 44. Kb1 Qg4 45. Qe3 Qf5 46. Qe2 Kg7 47. Kb2 Kf8 48. Kb1 Rf6 49. Kb2 Qc5 50. Kb1 Qd4 51. Ka2 Rf4 52. Qe6 Qf6 53. Qxf6+ Rxf6 54. Kb2 Ke7 55. Kc1 Kd6 56. Kd2 Kc5 57. c3 Rf3 58. Kc2 Kd5 59. b4 axb4 60. cxb4 Ra3 61. Kb2 Rf3 62. Kc2 Ke4 63. Kd2 Kf4 64. b5 cxb5 65. axb5 Kg3 66. Ke2 Rf6 67. Rb1 Kg2 0-1

[Event "Deltalift op"]
[Site "Tylosand"]
[Date "2023.05.18"]
[Round "3"]
[White "Lindberg, Bengt"]
[Black "Mashhadi, Peyman"]
[Result "1-0"]
[WhiteElo "2353"]
[BlackElo "2079"]
[PlyCount "86"]
[EventDate "2023.05.18"]
[EventType "swiss"]
[EventRounds "8"]
[EventCountry "SWE"]
[SourceTitle "CBM 214 Extra"]
[Source "ChessBase"]
[SourceDate "2023.07.31"]
[SourceVersion "1"]
[SourceVersionDate "2023.07.31"]
[SourceQuality "1"]

1. e4 e6 2. d4 d5 3. Nc3 Nf6 4. Bg5 Be7 5. e5 Nfd7 6. Bxe7 Qxe7 7. f4 a6 8. Nf3 c5 9. Qd2 Nc6 10. dxc5 Nxc5 11. Bd3 g6 12. h4 h5 13. 0-0-0 Bd7 14. Ne2 0-0-0 15. Ned4 Kb8 16. Kb1 Rc8 17. g3 Rc7 18. Rhe1 Rhc8 19. Re3 Na4 20. Bf1 Nb4 21. c3 Nc6 22. Nb3 Na7 23. Nfd4 Nb5 24. Bxb5 axb5 25. a3 Nb6 26. Qe1 Nc4 27. Red3 b6 28. Nc2 b4 29. Nxb4 Ba4 30. Nd4 Bxd1 31. Qxd1 Kb7 32. a4 Ra8 33. Nb5 Rc5 34. b3 Na5 35. Kb2 Nc6 36. Nc2 Kb8 37. b4 Rxb5 38. axb5 Na7 39. c4 Kb7 40. cxd5 Nxb5 41. dxe6 Qxe6 42. Qf3+ Ka7 43. Nd4 Kb8 1-0

[Event "Norrkoeping Easter op"]
[Site "Norrkoeping"]
[Date "2023.04.07"]
[Round "2"]
[White "Lindberg, Bengt"]
[Black "Nordebrink, Johan"]
[Result "1-0"]
[WhiteElo "2357"]
[BlackElo "2068"]
[PlyCount "87"]
[EventDate "2023.04.07"]
[EventType "swiss"]
[EventRounds "8"]
[EventCountry "SWE"]
[SourceTitle "CBM 213 Extra"]
[Source "ChessBase"]
[SourceDate "2023.05.31"]
[SourceVersion "1"]
[SourceVersionDate "2023.05.31"]
[SourceQuality "1"]

1. e4 d5 2. exd5 Nf6 3. Bb5+ Nbd7 4. d4 Nxd5 5. Nf3 c6 6. Be2 g6 7. 0-0 Bg7 8. c4 N5f6 9. Nc3 0-0 10. h3 Qc7 11. Be3 e5 12. d5 e4 13. Nd4 Re8 14. Rc1 a6 15. Qd2 c5 16. Nc2 b6 17. Bf4 Ne5 18. Bh2 Qb7 19. b4 cxb4 20. Nxb4 Bd7 21. Nc2 Rac8 22. Ne3 b5 23. cxb5 axb5 24. Rb1 b4 25. Ncd1 Bf8 26. Nb2 Qa7 27. Nbc4 Nxc4 28. Bxc4 Bc5 29. Rbc1 Bd4 30. Qxb4 Bxe3 31. fxe3 Qxe3+ 32. Kh1 Nh5 33. d6 Rf8 34. Rc3 Qd2 35. Qb3 Rxc4 36. Qxc4 Be6 37. Qc5 Rc8 38. Qxc8+ Bxc8 39. Rxc8+ Kg7 40. Rcc1 e3 41. Rfd1 Qxa2 42. d7 e2 43. d8Q exd1Q+ 44. Rxd1 1-0

[Event "Vaxjo op"]
[Site "Vaxjo"]
[Date "2023.02.11"]
[Round "6"]
[White "Lindberg, Bengt"]
[Black "Rasti, Arvin"]
[Result "1/2-1/2"]
[WhiteElo "2354"]
[BlackElo "2211"]
[PlyCount "91"]
[EventDate "2023.02.10"]
[EventType "swiss"]
[EventRounds "8"]
[EventCountry "SWE"]
[SourceTitle "CBM 212 Extra"]
[Source "ChessBase"]
[SourceDate "2023.03.31"]
[SourceVersion "1"]
[SourceVersionDate "2023.03.31"]
[SourceQuality "1"]

1. e4 c6 2. d4 d5 3. f3 e6 4. Nc3 Nf6 5. Be3 b6 6. e5 Nfd7 7. f4 Ba6 8. Bxa6 Nxa6 9. f5 Nc7 10. Qf3 c5 11. Nge2 cxd4 12. Bxd4 g6 13. f6 Nb8 14. Bf2 Nc6 15. Bg3 Qc8 16. 0-0 Qa6 17. a3 0-0-0 18. Rfd1 Kb7 19. Kh1 h5 20. h4 Bh6 21. Nd4 Qc4 22. Nce2 Nxd4 23. Nxd4 Nb5 24. c3 Qa4 25. Nxb5 Qxb5 26. a4 Qc6 27. Rd4 Rc8 28. Be1 Rhd8 29. b4 Kb8 30. Qe2 Qd7 31. Rad1 Qc7 32. a5 Bf8 33. axb6 axb6 34. R4d2 Bh6 35. Rd4 Bf8 36. Qe3 Kb7 37. R1d3 Ra8 38. Kh2 b5 39. Rd1 Ra2 40. R4d2 Rda8 41. Qe2 Qc4 42. Qe3 R2a3 43. Rd4 Qc6 44. R4d3 Qc4 45. Rd4 Qc6 46. R4d3 1/2-1/2

[Event "Rilton Cup 50th"]
[Site "Stockholm"]
[Date "2022.12.31"]
[Round "5"]
[White "Lindberg, Bengt"]
[Black "Richter, Nils"]
[Result "1/2-1/2"]
[WhiteElo "2349"]
[BlackElo "2416"]
[PlyCount "83"]
[EventDate "2022.12.27"]
[EventType "swiss"]
[EventRounds "9"]
[EventCountry "SWE"]
[SourceTitle "CBM 212 Extra"]
[Source "ChessBase"]
[SourceDate "2023.03.31"]
[SourceVersion "1"]
[SourceVersionDate "2023.03.31"]
[SourceQuality "1"]

1. e4 c5 2. Nf3 e6 3. d4 cxd4 4. Nxd4 Nc6 5. Nc3 Qc7 6. Be3 a6 7. g4 b5 8. Nxc6 Qxc6 9. Qd2 Bb7 10. 0-0-0 Nf6 11. f3 b4 12. Ne2 d5 13. g5 Nd7 14. exd5 Qxd5 15. Qxd5 Bxd5 16. Bg2 Rc8 17. b3 Bc5 18. Bxc5 Rxc5 19. Nf4 Bc6 20. h4 Ke7 21. Nd3 Rb5 22. Rhg1 h6 23. f4 Bxg2 24. Rxg2 hxg5 25. hxg5 a5 26. Re2 Nb6 27. Ne5 Rc8 28. f5 Nd5 29. Rdd2 Rc7 30. Re1 exf5 31. Nc6+ Kf8 32. Rh2 g6 33. Rh8+ Kg7 34. Reh1 Nf6 35. gxf6+ Kxf6 36. Nd4 Rd5 37. Nf3 Rc3 38. Nd2 Rdc5 39. Nc4 f4 40. Rd8 g5 41. Kd2 g4 42. Rd6+ 1/2-1/2

[Event "Malmo op"]
[Site "Malmo"]
[Date "2022.12.18"]
[Round "7"]
[White "Olsen, Filip Boe"]
[Black "Lindberg, Bengt"]
[Result "1-0"]
[WhiteElo "2424"]
[BlackElo "2349"]
[PlyCount "83"]
[EventDate "2022.12.16"]
[EventType "swiss"]
[EventRounds "8"]
[EventCountry "SWE"]
[SourceTitle "CBM 211 Extra"]
[Source "ChessBase"]
[SourceDate "2023.01.31"]
[SourceVersion "1"]
[SourceVersionDate "2023.01.31"]
[SourceQuality "1"]

1. d4 Nf6 2. c4 e6 3. Bf4 c5 4. d5 exd5 5. cxd5 d6 6. Nc3 Be7 7. e4 0-0 8. Be2 Na6 9. Nf3 Nc7 10. 0-0 Bg4 11. Nd2 Bxe2 12. Qxe2 Re8 13. a4 g6 14. h3 Nh5 15. Bh2 Bf8 16. Qd3 Na6 17. Nc4 Nb4 18. Qd2 a6 19. a5 f5 20. Rfe1 Qf6 21. g4 fxg4 22. hxg4 Ng7 23. e5 Qh4 24. Re4 dxe5 25. Bxe5 Rad8 26. Kg2 Qe7 27. Rh1 Qf7 28. Rf4 Qd7 29. Nb6 Qe7 30. Bf6 Qc7 31. Bxd8 Rxd8 32. Ne4 Ne8 33. Ng5 Ng7 34. Rxh7 Re8 35. Rxf8+ Rxf8 36. Ne6 Nxe6 37. Rxc7 Nxc7 38. Qh6 Rf7 39. d6 Ne6 40. Qxg6+ Ng7 41. d7 Nc6 42. Qxc6 1-0

[Event "Uppsala 08"]
[Site "Uppsala"]
[Date "2022.08.09"]
[Round "2"]
[White "Trost, Edvin"]
[Black "Lindberg, Bengt"]
[Result "1-0"]
[WhiteElo "2370"]
[BlackElo "2370"]
[PlyCount "133"]
[EventDate "2022.08.08"]
[EventType "tourn"]
[EventRounds "9"]
[EventCountry "SWE"]
[EventCategory "6"]
[SourceTitle "CBM 209 Extra"]
[Source "ChessBase"]
[SourceDate "2022.09.30"]
[SourceVersion "1"]
[SourceVersionDate "2022.09.30"]
[SourceQuality "1"]

1. d4 Nf6 2. c4 e6 3. Nc3 Bb4 4. Qc2 b6 5. e4 c5 6. d5 Qe7 7. Nge2 exd5 8. exd5 d6 9. Bg5 Qe4 10. Qa4+ Nbd7 11. Qxb4 cxb4 12. Nxe4 Nxe4 13. Bf4 Ne5 14. Nd4 Nd7 15. Ne2 Ne5 16. Nd4 Bd7 17. f3 Nc5 18. Kd2 0-0 19. Re1 Rfe8 20. Re3 Rac8 21. Be2 Nb7 22. b3 Ng6 23. Rxe8+ Rxe8 24. Be3 a5 25. Ra1 Nc5 26. g3 Ne5 27. a3 bxa3 28. Rxa3 f5 29. Nc2 Rc8 30. Kc3 Kf8 31. Kd4 Ke8 32. b4 Na4 33. Bf4 Nf7 34. Rb3 axb4 35. Nxb4 Ra8 36. Ra3 Ra5 37. Nd3 Ra6 38. Nb4 Ra5 39. h4 Kd8 40. Na2 Nc5 41. Rxa5 Nb3+ 42. Kc3 Nxa5 43. Be3 Kc7 44. Bd4 g6 45. Nb4 Ne5 46. Na6+ Kb7 47. Bxe5 dxe5 48. c5 bxc5 49. Nxc5+ Kc7 50. Kb4 Nb7 51. Nxb7 Kxb7 52. Kc5 Kc7 53. d6+ Kd8 54. Kd5 e4 55. fxe4 fxe4 56. Kxe4 Ke8 57. Ke5 Ba4 58. Bg4 Bc2 59. Kf6 h6 60. Be6 Kd8 61. g4 Bd3 62. Kg7 h5 63. g5 Be4 64. Kf6 Bd3 65. Bf7 Kd7 66. Bxg6 Be2 67. Ke5 1-0

[Event "Deltalift op"]
[Site "Tylosand"]
[Date "2022.05.27"]
[Round "5"]
[White "Lindberg, Bengt"]
[Black "Seo, Jung Min"]
[Result "1/2-1/2"]
[WhiteElo "2377"]
[BlackElo "2483"]
[PlyCount "102"]
[EventDate "2022.05.26"]
[EventType "swiss"]
[EventRounds "8"]
[EventCountry "SWE"]
[SourceTitle "CBM 208 Extra"]
[Source "ChessBase"]
[SourceDate "2022.07.31"]
[SourceVersion "1"]
[SourceVersionDate "2022.07.31"]
[SourceQuality "1"]

1. e4 c5 2. Nf3 d6 3. d4 cxd4 4. Nxd4 Nf6 5. Nc3 a6 6. Be2 e6 7. 0-0 Be7 8. f4 0-0 9. a4 Nc6 10. Be3 Qc7 11. Kh1 Re8 12. Qe1 Nd7 13. Rd1 b6 14. Qg3 Bb7 15. Nxc6 Bxc6 16. Bd4 Bf6 17. Bxf6 Nxf6 18. Bd3 d5 19. e5 Ne4 20. Bxe4 dxe4 21. Qe3 Red8 22. Nxe4 Qb7 23. Rde1 Bxe4 24. Qxe4 Qxe4 25. Rxe4 Rd2 26. Rc4 b5 27. axb5 axb5 28. Rc5 h5 29. h4 Ra2 30. Rxb5 Rxc2 31. Rd1 Ra4 32. Rf1 Re4 33. Kh2 Ree2 34. Rg1 Rxb2 35. Rxb2 Rxb2 36. Rc1 Kh7 37. Rc7 Kg6 38. Kh3 Rb6 39. g3 f6 40. exf6 gxf6 41. Rc5 Rd6 42. Rc8 Rd5 43. Rh8 Kg7 44. Re8 e5 45. fxe5 fxe5 46. Re6 Kf7 47. Rh6 e4 48. Kg2 Rf5 49. Ra6 e3 50. Ra2 Kf6 51. Re2 Ke5 1/2-1/2

[Event "Deltalift op"]
[Site "Tylosand"]
[Date "2022.05.26"]
[Round "4"]
[White "Berglind, Axel"]
[Black "Lindberg, Bengt"]
[Result "0-1"]
[WhiteElo "2157"]
[BlackElo "2377"]
[PlyCount "42"]
[EventDate "2022.05.26"]
[EventType "swiss"]
[EventRounds "8"]
[EventCountry "SWE"]
[SourceTitle "CBM 208 Extra"]
[Source "ChessBase"]
[SourceDate "2022.07.31"]
[SourceVersion "1"]
[SourceVersionDate "2022.07.31"]
[SourceQuality "1"]

1. d4 Nf6 2. Nf3 e6 3. g3 d5 4. Bg2 Be7 5. 0-0 0-0 6. c4 dxc4 7. Qc2 a6 8. Qxc4 b5 9. Qc2 Bb7 10. Bg5 Nbd7 11. Rd1 Rc8 12. Ne5 Bxg2 13. Kxg2 Nxe5 14. Bxf6 Ng4 15. Bxe7 Qxe7 16. Qe4 f5 17. Qb7 f4 18. h3 Nf6 19. gxf4 Nd5 20. e3 g5 21. Nc3 Qf7 0-1

[Event "Deltalift op"]
[Site "Tylosand"]
[Date "2022.05.26"]
[Round "2"]
[White "Johansson, Roland"]
[Black "Lindberg, Bengt"]
[Result "0-1"]
[WhiteElo "1966"]
[BlackElo "2377"]
[PlyCount "60"]
[EventDate "2022.05.26"]
[EventType "swiss"]
[EventRounds "8"]
[EventCountry "SWE"]
[SourceTitle "CBM 208 Extra"]
[Source "ChessBase"]
[SourceDate "2022.07.31"]
[SourceVersion "1"]
[SourceVersionDate "2022.07.31"]
[SourceQuality "1"]

1. e4 c5 2. Nf3 e6 3. d4 cxd4 4. Nxd4 Nc6 5. Nc3 Qc7 6. a3 a6 7. Be3 b5 8. f4 Bb7 9. Be2 Rc8 10. 0-0 Nf6 11. Bf3 d6 12. Kh1 Be7 13. Qe1 Nxd4 14. Bxd4 e5 15. Be3 0-0 16. Rd1 Qb8 17. f5 a5 18. Nxb5 Bxe4 19. Qxa5 Bxf3 20. Rxf3 Rxc2 21. b4 d5 22. Qa4 Rc4 23. Qa6 Rc2 24. Qa4 Rcc8 25. Ba7 Qb7 26. Rc3 Rxc3 27. Nxc3 d4 28. Nb5 Ra8 29. Rc1 Nd5 30. Rc4 Ne3 0-1

[Event "Norrkoeping Easter op"]
[Site "Norrkoeping"]
[Date "2022.04.18"]
[Round "8"]
[White "Lindberg, Bengt"]
[Black "Kucuksari, Kaan"]
[Result "1-0"]
[WhiteElo "2365"]
[BlackElo "2372"]
[PlyCount "259"]
[EventDate "2022.04.15"]
[EventType "swiss"]
[EventRounds "8"]
[EventCountry "SWE"]
[SourceTitle "CBM 207 Extra"]
[Source "ChessBase"]
[SourceDate "2022.05.31"]
[SourceVersion "1"]
[SourceVersionDate "2022.05.31"]
[SourceQuality "1"]

1. e4 c5 2. Nf3 d6 3. d4 cxd4 4. Nxd4 Nf6 5. Nc3 Nc6 6. Bg5 e6 7. Qd2 a6 8. 0-0-0 Bd7 9. f3 Nxd4 10. Qxd4 Be7 11. g4 h5 12. gxh5 Nxh5 13. Bxe7 Qxe7 14. Rg1 Bc6 15. Qxd6 Qxd6 16. Rxd6 Ke7 17. Rd2 g6 18. Nd1 Nf4 19. Ne3 Rh5 20. Ng4 Rd8 21. Rxd8 Kxd8 22. Kd2 e5 23. Rg3 Ke7 24. h3 f6 25. Nf2 f5 26. exf5 gxf5 27. c3 Ne6 28. Bg2 Ng5 29. h4 Ne6 30. Nd3 Kf6 31. Rh3 Bb5 32. Ne1 Nf4 33. Rh1 Ng6 34. Ke3 Bc6 35. Bf1 f4+ 36. Kf2 Rxh4 37. Rxh4 Nxh4 38. Bd3 Ke6 39. Bh7 Kd6 40. b3 Bd5 41. Ke2 a5 42. Be4 b6 43. Bxd5 Kxd5 44. Kd3 Nf5 45. Nc2 Nd6 46. c4+ Kc5 47. a3 a4 48. b4+ Kc6 49. Ne1 b5 50. cxb5+ Kxb5 51. Kc3 Kc6 52. Nd3 Nb5+ 53. Kd2 Kd5 54. Nc5 Nd4 55. Nxa4 Nxf3+ 56. Ke2 Nd4+ 57. Kf1 e4 58. Nc3+ Ke5 59. b5 e3 60. b6 f3 61. b7 Nc6 62. Ke1 Kd4 63. Nd1 Kd3 64. a4 Nb8 65. Nb2+ Kc3 66. Nd1+ Kd4 67. a5 Kd3 68. Nb2+ Kc3 69. Nd1+ Kd4 70. Nb2 Na6 71. Nd1 Kd3 72. Nb2+ Ke4 73. Kf1 Kf4 74. Nc4 Nb8 75. Ke1 Ke4 76. Nb2 Kf5 77. Nc4 Kf4 78. Kf1 Na6 79. Ke1 Ke4 80. Nb2 Kd5 81. Nd1 Ke4 82. Nb2 e2 83. Nc4 Nc5 84. Nd2+ Ke3 85. Nc4+ Kd4 86. Kf2 Nd3+ 87. Kxf3 e1Q 88. b8Q Qe4+ 89. Kg3 Qg6+ 90. Kf3 Qf5+ 91. Kg3 Qg5+ 92. Kf3 Qf6+ 93. Kg3 Qf2+ 94. Kg4 Qg2+ 95. Kf5 Qe4+ 96. Kg5 Qe7+ 97. Kf5 Qh7+ 98. Kg5 Qg7+ 99. Kf5 Kxc4 100. Qe8 Qc7 101. Qa4+ Nb4 102. a6 Qf7+ 103. Kg4 Qa7 104. Kh4 Qf2+ 105. Kh3 Qf5+ 106. Kh2 Qh7+ 107. Kg2 Qg6+ 108. Kh2 Qh7+ 109. Kg2 Qa7 110. Kh2 Qb8+ 111. Kg2 Kc5 112. Qa5+ Kd6 113. Qa3 Kc5 114. Qa5+ Kc4 115. Qa4 Kc3 116. Qa3+ Kc2 117. a7 Qa8+ 118. Kh2 Nd3 119. Qa1 Kd2 120. Qg7 Ne1 121. Qh6+ Ke2 122. Qe6+ Kf2 123. Qb6+ Kf1 124. Qb5+ Kf2 125. Qb6+ Ke2 126. Qe6+ Kd2 127. Qh6+ Kc3 128. Qf6+ Kc2 129. Qg6+ Nd3 130. Qg2+ 1-0